La interpretación de la ley
Guardado en:
| Autor principal: | |
|---|---|
| Formato: | Libro |
| Lenguaje: | español |
| Publicado: |
Ciudad de México
Trillas
2000
|
| Edición: | 3a. ed |
| Materias: | |
| Etiquetas: |
Agregar Etiqueta
Sin Etiquetas, Sea el primero en etiquetar este registro!
|
MARC
| LEADER | 00000nam a2200000 a 4500 | ||
|---|---|---|---|
| 001 | UCL7494 | ||
| 003 | CL-VaPUC | ||
| 008 | 040520e20000000MX |||||||||||||||||spa|d | ||
| 020 | |a 9682460506 | ||
| 082 | 0 | 4 | |a 340.1 |b CIS |2 21 |
| 100 | 0 | |a Cisneros Farías, Germán |e author |9 485352 | |
| 245 | 1 | 3 | |a La interpretación de la ley |
| 250 | |a 3a. ed | ||
| 300 | |a 163 p | ||
| 942 | |c BK | ||
| 945 | |d 20040520 00:00:00 |a cmena | ||
| 260 | |a Ciudad de México |b Trillas |c 2000 | ||
| 600 | 0 | 7 | |a LEGISLACION |2 CL-VaPUC |9 485353 |
| 650 | 0 | |a Interpretación de la ley |9 257376 | |
| 650 | 7 | |a LEY |2 CL-VaPUC |9 485354 | |
| 650 | 0 | |a Filosofía del derecho |9 255050 | |
| 583 | |a last modification |c 20040520 00:00:00 |k Rodrigo Vera | ||
| 999 | |c 309210 |d 309208 | ||
| 952 | |0 0 |1 0 |4 0 |6 340_100000000000000_CIS_2000 |7 0 |8 DER_TF |9 376569 |a BIBDER |b BIBDER |d 2019-11-21 |i 4018117 |l 1 |o 340.1 CIS 2000 |p 4018117 |r 2023-01-25 |s 2020-03-18 |w 2019-11-21 |x Ubicación 4to Piso |y BK |z Estos recursos deben solicitarse con anticipación |k DER | ||